Strategic corporate social responsibility sustainable value creation
Saved in:
| Hovedforfatter: | |
|---|---|
| Format: | Bog |
| Sprog: | engelsk |
| Udgivet: |
SAGE,
2017
|
| Tags: |
Tilføj Tag
Ingen Tags, Vær først til at tagge denne postø!
|
MARC
| LEADER | 00000nam a22000007a 4500 | ||
|---|---|---|---|
| 008 | 210531b ||||| |||| 00| 0 eng d | ||
| 020 | |a 978-1-5063-1099-2 | ||
| 100 | |a CHANDLER, David | ||
| 245 | |a Strategic corporate social responsibility |b sustainable value creation |c David Chandler |g .xxxii, 448p | ||
| 250 | |b 4th ed. | ||
| 260 | |b SAGE, |c 2017 |h Los Angeles |i 693373 |i 693374 |l HD60 .C36 |m Social responsibility of business |m Social responsibility of business – case studies | ||
| 500 | |a “It includes references and index.” | ||
| 942 | |a lcc |c BK |e Adekanye, I.H |f 31/05/2021 | ||
| 952 | |0 0 |1 0 |2 lcc |4 0 |6 HD0060 C36 |7 0 |9 2519 |a HOL |b MPL |c GJ |d 2021-05-31 |l 0 |o HD60 .C36 |p 2021-6371 |r 2021-05-31 00:00:00 |w 2021-05-31 |y BK | ||
| 952 | |0 0 |1 0 |2 lcc |4 0 |6 HD0060 C36 |7 0 |9 2520 |a HOL |b HOL |c GJ |d 2021-05-31 |l 0 |o HD60 .C36 |p 2021-6372 |r 2021-05-31 00:00:00 |w 2021-05-31 |y BK | ||
| 999 | |c 1311 |d 1311 | ||